000 01052nam a2200313 i 4500
003 EG-GICUC
005 20260413192118.0
008 260413r1993 it ||||fr|||| 000 0 ita d
040 _aEG-GiCUC
_beng
_cEG-GiCUC
_dEG-GiCUC
_erda
041 _aita
082 0 4 _221
_a341.48
_bZA . D
092 0 4 _221
099 _aLaw1 11 341.48 ZA . D 1993
100 1 _aZanghì,Claudio
_eAuthor.
245 1 0 _aI Diritti dell'Uomo nel Mediterraneo /
_cClaudio Zanghì.
246 1 _aHuman Rights in the Mediterranean Area
246 1 _aLes Droits de l'Homme dans la Méditerranée
264 0 1 _aMessina:
_bCentro Internazionale Di Ricerche E Studi Sociologici, Penali E Penitenziari,
_c1993.
300 _a654 Pages;
_c24 cm.
336 _2rda content
_atext
337 _2rda media
_aComputer
338 _2rda carrier
_aOnline Resource
546 _a Text in Italian
650 1 _aDiritto Internazionale Pubblico
650 1 _aDiritti Umani
856 4 0 _uhttps://fll.law.cu.edu.eg/fulltext/bks/B11-09750.pdf
905 _a59
942 _2ddc
_cBK
_e21
_n0
999 _c70663
_d70663